Advisory circular. (Record no. 548232)
[ view plain ]
| 000 -LEADER | |
|---|---|
| fixed length control field | 00312nam a2200133u 4500 |
| 082 ## - DEWEY DECIMAL CLASSIFICATION NUMBER | |
| Classification number | 629.13634 |
| Author Mark | DEP |
| 110 1# - MAIN ENTRY--CORPORATE NAME | |
| Corporate name or jurisdiction name as entry element | United States. |
| 9 (RLIN) | 21185 |
| 245 00 - TITLE STATEMENT | |
| Title | Advisory circular. |
| 260 ## - PUBLICATION, DISTRIBUTION, ETC. | |
| Place of publication, distribution, etc. | [n.p., |
| Date of publication, distribution, etc. | n.d.] |
| 300 ## - PHYSICAL DESCRIPTION | |
| Extent | p. cm. |
| 526 ## - STUDY PROGRAM INFORMATION NOTE | |
| Program name | 0 |
| Interest level | 0 |
| Reading level | 0 |
| Title point value | 629_136340000000000_DEP |
| 650 ## - SUBJECT ADDED ENTRY--TOPICAL TERM | |
| Topical term or geographic name entry element | MCE |
| 9 (RLIN) | 379 |
| 942 ## - ADDED ENTRY ELEMENTS (KOHA) | |
| Source of classification or shelving scheme | |
| Koha item type | Book |
| Withdrawn status | Lost status | Source of classification or shelving scheme | Damaged status | Not for loan | Permanent Location | Current Location | Date acquired | Total Checkouts | Full call number | Barcode | Date last seen | Price effective from | Koha item type |
|---|---|---|---|---|---|---|---|---|---|---|---|---|---|
| Military College of Engineering (MCE) | Military College of Engineering (MCE) | 08/25/2014 | 629.13634 DEP | MCE-41441 | 08/25/2014 | 08/25/2014 | Book |
